[Event "corr 6. EST email ch"]
[Site "EKMÜ"]
[Date "2004.01.15"]
[Round "?"]
[White "Post, Toomas"]
[Black "Kolk, Marek"]
[Result "0-1"]
[WhiteElo "2343"]
[BlackElo "2221"]
[PlyCount "64"]

1. e4 c5 2. Nf3 Nc6 3. d4 cxd4 4. Nxd4 Nf6 5. Nc3 d6 6. Be2 g6 7. O-O Bg7 8.
Nb3 O-O 9. Be3 Be6 10. f4 Rc8 11. Kh1 a6 12. Qe1 Na5 13. Rd1 Nc4 14. Bc1 Qc7
15. f5 Bd7 16. Bxc4 Qxc4 17. Bg5 gxf5 18. e5 Ne4 19. Bxe7 Rfe8 20. exd6 Nxc3
21. bxc3 Qxc3 22. Rd2 Rc4 23. Qd1 Rec8 24. Re2 Re4 25. Ref2 b6 26. Bg5 a5 27.
Be7 h6 28. h3 Be5 29. Qd3 Rc6 30. Qxc3 Bxc3 31. g4 Be5 32. gxf5 Rc3 0-1

[Event "corr 6. EST email ch"]
[Site "EKMÜ"]
[Date "2004.01.15"]
[Round "?"]
[White "Raidaru, Mihkel"]
[Black "Paltser, Peeter"]
[Result "1-0"]
[WhiteElo "2310"]
[BlackElo "2057"]
[PlyCount "101"]

1. e4 e5 2. Nf3 Nc6 3. d4 exd4 4. Nxd4 Bc5 5. Nxc6 Qf6 6. Qd2 dxc6 7. Nc3 Be6
8. Na4 Rd8 9. Bd3 Bd4 10. O-O Ne7 11. c3 b5 12. cxd4 Qxd4 13. Qa5 Qxa4 14. Qxa4
bxa4 15. Bc2 Bc4 16. Re1 Bb5 17. Be3 Nc8 18. b3 axb3 19. Bxb3 O-O 20. a4 Bd3
21. f3 Ba6 22. Kf2 Rd3 23. Rab1 Re8 24. Red1 Red8 25. Rdc1 Ne7 26. Bg5 R3d7 27.
e5 Kf8 28. e6 Rd6 29. exf7 h6 30. Bf4 Rg6 31. Be3 Nd5 32. Bxa7 Re6 33. Rb2 Kxf7
34. Rbc2 Bb7 35. Bc4 Bc8 36. Bc5 Ree8 37. a5 Be6 38. a6 Nf4 39. Bf1 Bf5 40. Ra2
Nd3+ 41. Bxd3 Bxd3 42. a7 Bb5 43. g4 g5 44. Kg3 Kg6 45. Raa1 Rh8 46. Re1 Bc4
47. h4 gxh4+ 48. Kxh4 h5 49. g5 Ra8 50. Ra4 Bd5 51. Rf4 1-0

[Event "corr 6. EST email ch"]
[Site "EKMÜ"]
[Date "2004.01.15"]
[Round "?"]
[White "Saul, Andres"]
[Black "Lindsalu, Indrek"]
[Result "0-1"]
[WhiteElo "2052"]
[BlackElo "2063"]
[PlyCount "66"]

1. c4 e5 2. Nc3 Nf6 3. g3 Bb4 4. Bg2 O-O 5. Nf3 Re8 6. O-O e4 7. Ng5 Bxc3 8.
dxc3 d6 9. f3 exf3 10. exf3 Nc6 11. Qc2 h6 12. Ne4 Bf5 13. Bf4 Ne5 14. Bxe5
Rxe5 15. Nxf6+ Qxf6 16. Qb3 Rb8 17. f4 Re7 18. Qa3 Rbe8 19. Qxa7 Bd3 20. Rfd1
Qf5 21. Qd4 Be4 22. Bf1 Bc6 23. Rd2 Re4 24. Qf2 Re3 25. Rad1 Qe4 26. Bg2 Qxc4
27. Bxc6 Qxc6 28. Qf1 Qb6 29. Kg2 R8e4 30. a3 Qc6 31. Kf2 h5 32. Rc1 h4 33. Qd1
Re6 0-1

[Event "corr 6. EST email ch"]
[Site "EKMÜ"]
[Date "2004.01.15"]
[Round "?"]
[White "Lindsalu, Indrek"]
[Black "Otto, Guido"]
[Result "1/2-1/2"]
[WhiteElo "2063"]
[BlackElo "2209"]
[PlyCount "92"]

1. d4 Nf6 2. c4 e6 3. Nf3 Bb4+ 4. Bd2 Qe7 5. e3 b6 6. Bd3 Bb7 7. Qc2 Bxd2+ 8.
Nbxd2 d6 9. O-O Nbd7 10. a4 a5 11. Rad1 O-O 12. Ng5 h6 13. Nh7 Nxh7 14. Bxh7+
Kh8 15. Be4 c6 16. Rfe1 Rac8 17. Bf3 Rfd8 18. Qc3 e5 19. Bg4 Rb8 20. Bxd7 Rxd7
21. e4 exd4 22. Qxd4 c5 23. Qd3 Re8 24. f3 Bc6 25. b3 Qf6 26. Nf1 g6 27. Qd2
Kg7 28. Re3 Re6 29. Rd3 h5 30. Ne3 Kf8 31. Nd5 Bxd5 32. Rxd5 Kg7 33. h3 Rd8 34.
Kh2 h4 35. Kh1 Kh7 36. Qe3 Kg7 37. R1d3 Qa1+ 38. Kh2 Qf6 39. Rd1 Rde8 40. Kg1
Rd8 41. Qd2 Rd7 42. Qc1 Rd8 43. R1d3 Kh7 44. Qd2 Kg7 45. Kh2 Kf8 46. Qc1 Ke7
1/2-1/2

[Event "corr 6. EST email ch"]
[Site "EKMÜ"]
[Date "2004.01.15"]
[Round "?"]
[White "Dmitrijev, Vladimir"]
[Black "Otto, Guido"]
[Result "1/2-1/2"]
[WhiteElo "2089"]
[BlackElo "2209"]
[PlyCount "66"]

1. d4 Nf6 2. c4 e6 3. Nc3 Bb4 4. e3 b6 5. Nge2 Ne4 6. Bd2 Nxd2 7. Qxd2 Bb7 8.
d5 O-O 9. g3 d6 10. Bg2 Nd7 11. O-O e5 12. Qc2 Bxc3 13. Nxc3 a5 14. a3 f5 15.
b4 Rf7 16. Nb5 g6 17. f4 e4 18. Qd2 Ba6 19. Rfc1 Bxb5 20. cxb5 Qf6 21. Ra2 axb4
22. axb4 Rxa2 23. Qxa2 Qd8 24. Qc4 Nf6 25. Ra1 Rd7 26. Bf1 Qe7 27. Be2 h5 28.
Qd4 Kg7 29. Ra8 Rd8 30. Ra7 Qf7 31. Bc4 Re8 32. Bb3 Re7 33. Ra8 Re8 1/2-1/2

[Event "corr 6. EST email ch"]
[Site "EKMÜ"]
[Date "2004.01.15"]
[Round "?"]
[White "Trubetskoi, Roland"]
[Black "Saul, Andres"]
[Result "1-0"]
[WhiteElo "2240"]
[BlackElo "2052"]
[PlyCount "67"]

1. e4 c6 2. d4 d5 3. exd5 cxd5 4. c4 Nf6 5. Nc3 e6 6. Nf3 Bb4 7. Bd3 dxc4 8.
Bxc4 O-O 9. O-O b6 10. Bg5 Bb7 11. Qe2 Bxc3 12. bxc3 Nbd7 13. Bd3 Qc7 14. c4
Ng4 15. Be4 Bxe4 16. Qxe4 Ngf6 17. Qd3 Rfd8 18. Rfd1 Rac8 19. Rac1 Nc5 20. Qe3
Nce4 21. Bh4 h6 22. Ne5 Qb7 23. Rd3 Kh7 24. Qf3 g5 25. Bg3 Kg7 26. Re1 Qa8 27.
h4 Nxg3 28. Qxg3 Nh5 29. Qg4 Nf6 30. Qh3 Rc7 31. hxg5 hxg5 32. Qg3 Nh7 33. Ng4
Rxc4 34. Qh2 1-0

[Event "corr 6. EST email ch"]
[Site "EKMÜ"]
[Date "2004.01.15"]
[Round "?"]
[White "Gornoi, Meelik"]
[Black "Külaots, Aare"]
[Result "1-0"]
[WhiteElo "2202"]
[BlackElo "2126"]
[PlyCount "65"]

1. e4 c5 2. Nf3 d6 3. d4 cxd4 4. Nxd4 Nf6 5. Nc3 a6 6. Be3 e5 7. Nb3 Be6 8. f3
Be7 9. Qd2 O-O 10. O-O-O b5 11. g4 b4 12. Nd5 Bxd5 13. exd5 a5 14. Kb1 Qc7 15.
g5 Nfd7 16. h4 Nb6 17. h5 a4 18. Nc1 Ra5 19. Qxb4 Nxd5 20. Rxd5 Rxd5 21. Qe4
Rc8 22. Bh3 Rb5 23. Bxc8 Qxc8 24. Qxa4 Qb7 25. Nd3 Qxf3 26. Qxb5 Qxh1+ 27. Bc1
Nc6 28. Qb7 Qd5 29. a4 Bf8 30. a5 e4 31. Nb4 Nxb4 32. Qxb4 Qa8 33. Qb6 1-0

[Event "corr 6. EST email ch"]
[Site "EKMÜ"]
[Date "2004.01.15"]
[Round "?"]
[White "Üksti, Enn"]
[Black "Otto, Guido"]
[Result "1-0"]
[WhiteElo "2289"]
[BlackElo "2209"]
[PlyCount "97"]

1. c4 c5 2. Nc3 g6 3. e3 Bg7 4. d4 Nf6 5. Nf3 O-O 6. Be2 d5 7. O-O cxd4 8. exd4
Nc6 9. Re1 Bg4 10. cxd5 Nxd5 11. h3 Bf5 12. a3 Rc8 13. Bb5 Na5 14. Bd2 Nxc3 15.
Bxc3 a6 16. Bf1 Nc4 17. Qb3 Nd6 18. d5 Bxc3 19. bxc3 Rc5 20. c4 Re8 21. Qe3 Qc8
22. g4 Bd7 23. Ne5 Ba4 24. Nc6 Rxc6 25. dxc6 Bxc6 26. c5 Nb5 27. Rad1 e5 28.
Bxb5 axb5 29. Rd6 Qc7 30. Qg5 Qe7 31. Qxe7 Rxe7 32. f4 e4 33. Kf2 Kg7 34. h4 f6
35. Re3 Re8 36. h5 Kf7 37. hxg6+ hxg6 38. Rh3 Kg7 39. Ke2 g5 40. f5 Re5 41. Rd8
Re8 42. Rd1 Rh8 43. Rxh8 Kxh8 44. Rd8+ Kg7 45. Ke3 Kf7 46. Rd6 Ke7 47. Kd4 Kf7
48. Re6 Kg7 49. Rxe4 1-0

[Event "corr 6. EST email ch"]
[Site "EKMÜ"]
[Date "2004.01.15"]
[Round "?"]
[White "Saul, Andres"]
[Black "Külaots, Aare"]
[Result "1-0"]
[WhiteElo "2052"]
[BlackElo "2126"]
[PlyCount "49"]

1. Nf3 e6 2. c4 d5 3. g3 Nf6 4. Bg2 Be7 5. d4 O-O 6. O-O dxc4 7. Qc2 Qd5 8. e3
Nbd7 9. Ne5 Qb5 10. Nxc4 Qh5 11. f4 c5 12. Nc3 cxd4 13. exd4 Rd8 14. Bf3 Qh3
15. Qe2 Nf8 16. Be3 N8d7 17. Ne5 h5 18. f5 Nxe5 19. dxe5 Ng4 20. f6 gxf6 21.
exf6 Nxf6 22. Bg5 Qf5 23. Ne4 Qg6 24. Bxf6 Bxf6 25. Bxh5 1-0

[Event "corr 6. EST email ch"]
[Site "EKMÜ"]
[Date "2004.01.15"]
[Round "?"]
[White "Paltser, Peeter"]
[Black "Külaots, Aare"]
[Result "1-0"]
[WhiteElo "2057"]
[BlackElo "2126"]
[PlyCount "55"]

1. e4 e5 2. Nf3 f5 3. Nxe5 Qf6 4. d4 d6 5. Nc4 fxe4 6. Nc3 Qg6 7. f3 exf3 8.
Qxf3 Nf6 9. Bd3 Qg4 10. Qe2+ Qxe2+ 11. Bxe2 c6 12. Bf4 d5 13. Nd2 Bf5 14. O-O-O
Bb4 15. Rhf1 Bg6 16. Rde1 O-O 17. a3 Bxc3 18. bxc3 b5 19. g4 Ne4 20. Nxe4 Bxe4
21. Bd6 Rd8 22. Bf4 Rf8 23. g5 Nd7 24. Kb2 Bg2 25. Rf2 Rae8 26. Bg3 Rxf2 27.
Bxf2 Nb6 28. Bg3 1-0

[Event "corr 6. EST email ch"]
[Site "EKMÜ"]
[Date "2004.01.15"]
[Round "?"]
[White "Otto, Guido"]
[Black "Trubetskoi, Roland"]
[Result "1/2-1/2"]
[WhiteElo "2209"]
[BlackElo "2240"]
[PlyCount "129"]

1. e4 e5 2. Nf3 Nc6 3. Nc3 Nf6 4. d4 exd4 5. Nxd4 Bb4 6. Nxc6 bxc6 7. Bd3 d5 8.
exd5 cxd5 9. O-O O-O 10. Bg5 c6 11. Na4 h6 12. Bh4 Re8 13. c4 Ba6 14. Rc1 Be7
15. b3 Qa5 16. cxd5 Bxd3 17. Qxd3 Nxd5 18. Bxe7 Rxe7 19. Rc5 Qc7 20. g3 Rd8 21.
Rd1 Rde8 22. Qf3 Qd7 23. Nc3 Qh3 24. Rf1 Re1 25. Qg2 Qf5 26. Nxd5 cxd5 27. h3
a6 28. Kh2 R1e5 29. b4 Qd3 30. Rfc1 d4 31. Rxe5 Rxe5 32. Qa8+ Kh7 33. Kg2 Rf5
34. Rc5 Rf6 35. Re5 Qd2 36. Qe4+ g6 37. Qe2 Qxb4 38. Qd3 Qb7+ 39. Qe4 Qb2 40.
Qe2 Qc3 41. Rd5 Qc6 42. Qe4 d3 43. Rd4 Qc2 44. Qe3 Qxa2 45. Rxd3 Qc2 46. Qd4
Qc6+ 47. Qd5 Qb6 48. Qd4 Qb7+ 49. Qd5 Rb6 50. Qxb7 Rxb7 51. Ra3 Ra7 52. Ra5 Kg7
53. Kf3 Kf6 54. h4 Ke6 55. Kg4 Kd6 56. h5 Kc7 57. hxg6 fxg6 58. f4 Kb6 59. Ra1
a5 60. Rh1 a4 61. Rxh6 a3 62. Rh1 Kc5 63. Kg5 Ra6 64. g4 a2 65. Ra1 1/2-1/2

[Event "corr 6. EST email ch"]
[Site "EKMÜ"]
[Date "2004.01.15"]
[Round "?"]
[White "Üksti, Enn"]
[Black "Trubetskoi, Roland"]
[Result "1-0"]
[WhiteElo "2289"]
[BlackElo "2240"]
[PlyCount "113"]

1. c4 Nf6 2. Nc3 g6 3. e4 d6 4. d4 Bg7 5. Be2 O-O 6. Nf3 e5 7. d5 a5 8. Bg5 h6
9. Bh4 Na6 10. Nd2 Qe8 11. O-O Nh7 12. a3 Bd7 13. b3 h5 14. f3 Bh6 15. Rb1 Be3+
16. Bf2 Bxf2+ 17. Rxf2 Qe7 18. Bf1 h4 19. Qe1 Nf6 20. Qe3 Nh5 21. b4 axb4 22.
axb4 Nf4 23. Ne2 g5 24. g3 Nh5 25. gxh4 gxh4 26. Qh6 Ng7 27. Rg2 f5 28. Nc3 h3
29. Rg6 Be8 30. Rg5 Rf6 31. Qxh3 Rg6 32. Rxg6 Bxg6 33. Qh6 Bh7 34. Kh1 Rf8 35.
Bd3 Rf6 36. Qe3 f4 37. Qf2 Rh6 38. c5 Nh5 39. c6 Qg7 40. h3 Ng3+ 41. Kh2 Bg6
42. cxb7 Nb8 43. Qa7 Qf8 44. Rg1 Qd8 45. Nf1 Nh5 46. Qf2 Nf6 47. Qg2 Kh7 48.
Nd2 Qe7 49. Qg5 Qd7 50. Bf1 Qf7 51. Nb5 Rh5 52. Qg2 Rh6 53. Na7 Qf8 54. Qg5 Kh8
55. Nc6 Nbd7 56. Nd8 Kh7 57. Ne6 1-0

[Event "corr 6. EST email ch"]
[Site "EKMÜ"]
[Date "2004.01.15"]
[Round "?"]
[White "Otto, Guido"]
[Black "Saul, Andres"]
[Result "1-0"]
[WhiteElo "2209"]
[BlackElo "2052"]
[PlyCount "71"]

1. e4 c5 2. Nf3 d6 3. Bc4 Nf6 4. d3 Nc6 5. c3 a6 6. Bb3 Bg4 7. h3 Bd7 8. O-O e6
9. Re1 Be7 10. d4 O-O 11. d5 Na5 12. dxe6 fxe6 13. e5 Nxb3 14. exf6 Nxa1 15.
fxe7 Qxe7 16. Bg5 Qe8 17. Nbd2 Bc6 18. Qxa1 Bxf3 19. Nxf3 Rxf3 20. gxf3 Qg6 21.
f4 h6 22. Qb1 Qxb1 23. Rxb1 hxg5 24. fxg5 Kf7 25. Re1 e5 26. Kg2 Rf8 27. Re4
Ke6 28. c4 Kf5 29. Re3 Kxg5 30. Rg3+ Kf6 31. Rf3+ Ke7 32. Rb3 Rf7 33. Rxb7+ Ke6
34. Rxf7 Kxf7 35. Kf3 Ke6 36. Ke4 1-0

[Event "corr 6. EST email ch"]
[Site "EKMÜ"]
[Date "2004.01.15"]
[Round "?"]
[White "Kolk, Marek"]
[Black "Otto, Guido"]
[Result "1-0"]
[WhiteElo "2221"]
[BlackElo "2209"]
[PlyCount "73"]

1. c4 c5 2. Nf3 Nc6 3. d4 cxd4 4. Nxd4 Nf6 5. Nc3 Qb6 6. Nb3 e6 7. a3 d5 8. Be3
Qd8 9. cxd5 Nxd5 10. Nxd5 exd5 11. g3 a5 12. Bg2 a4 13. Nd4 Qa5+ 14. Qd2 Qxd2+
15. Kxd2 Be6 16. Rac1 Kd7 17. Rhd1 Be7 18. Ke1 Ra5 19. f4 f5 20. Rd3 Rc8 21.
Bd2 Rc5 22. Rxc5 Bxc5 23. Nxe6 Kxe6 24. Bxd5+ Ke7 25. Bc3 g6 26. e4 fxe4 27.
Bxe4 Kf8 28. Ke2 Rc7 29. g4 Re7 30. Kf3 Kf7 31. h4 Rc7 32. h5 gxh5 33. gxh5 h6
34. Bg6+ Kf8 35. f5 b6 36. f6 Ra7 37. Ke4 1-0

[Event "corr 6. EST email ch"]
[Site "EKMÜ"]
[Date "2004.01.15"]
[Round "?"]
[White "Raidaru, Mihkel"]
[Black "Dmitrijev, Vladimir"]
[Result "1-0"]
[WhiteElo "2310"]
[BlackElo "2089"]
[PlyCount "89"]

1. e4 e6 2. d4 d5 3. Nd2 dxe4 4. Nxe4 Bd7 5. Nf3 Bc6 6. Bd3 Bxe4 7. Bxe4 c6 8.
O-O Nf6 9. Bd3 Nbd7 10. c4 Bd6 11. b3 O-O 12. Bb2 Re8 13. Re1 Qc7 14. Qc2 Rad8
15. Rad1 Nf8 16. a3 Ng6 17. g3 Nf8 18. b4 N6d7 19. Kg2 Ng6 20. Ng5 Be7 21. Ne4
Nf6 22. d5 Nxe4 23. Bxe4 cxd5 24. cxd5 Qxc2 25. Bxc2 Rxd5 26. Rxd5 exd5 27. h4
h5 28. Bd1 Rd8 29. Bxh5 Bd6 30. Bxg6 fxg6 31. f4 Kf7 32. Bd4 Ra8 33. Rb1 a6 34.
Kf3 Rc8 35. Rd1 Rc7 36. Ba1 Ke6 37. Kg4 Be7 38. Bxg7 Bxb4 39. Be5 Bd6 40. Bxd6
Kxd6 41. Kg5 Rc3 42. Rg1 Rxa3 43. Kxg6 d4 44. h5 Re3 45. f5 1-0

[Event "corr 6. EST email ch"]
[Site "EKMÜ"]
[Date "2004.01.15"]
[Round "?"]
[White "Dmitrijev, Vladimir"]
[Black "Lindsalu, Indrek"]
[Result "0-1"]
[WhiteElo "2089"]
[BlackElo "2063"]
[PlyCount "114"]

1. Nf3 Nf6 2. d4 d5 3. e3 c5 4. c3 e6 5. Bd3 Nbd7 6. O-O Bd6 7. Nbd2 O-O 8. e4
cxd4 9. cxd4 dxe4 10. Nxe4 Nxe4 11. Bxe4 h6 12. Re1 Nf6 13. Bd3 b6 14. Bd2 Bb7
15. Qe2 Be7 16. Bc3 Qd5 17. a4 Rac8 18. a5 Rc7 19. axb6 axb6 20. Ra7 Bd6 21.
Qd2 Ra8 22. Rxa8+ Bxa8 23. Bb4 Rd7 24. Rc1 Rd8 25. Rc2 Nh5 26. Bc4 Bxb4 27.
Qxb4 Qb7 28. Bf1 Nf4 29. h4 Nd5 30. Qc4 Qe7 31. Qb3 Bb7 32. Rc4 Ba6 33. Ra4
Bxf1 34. Kxf1 Qf6 35. Qc2 Qf4 36. Rc4 g6 37. Kg1 Qg4 38. Rc8 Rxc8 39. Qxc8+ Kg7
40. Qe8 Qe4 41. Qb5 Qb1+ 42. Kh2 Qc2 43. Kg3 Qe4 44. Kh2 g5 45. hxg5 hxg5 46.
Qf1 g4 47. Ne5 f6 48. Nc4 b5 49. Na5 Nf4 50. f3 Qe3 51. fxg4 Ne2 52. g3 Qxg3+
53. Kh1 Nxd4 54. Qg1 Qh3+ 55. Qh2 Qe3 56. Qc7+ Kg6 57. Qh2 Nf3 0-1

[Event "corr 6. EST email ch"]
[Site "EKMÜ"]
[Date "2004.01.15"]
[Round "?"]
[White "Otto, Guido"]
[Black "Külaots, Aare"]
[Result "1/2-1/2"]
[WhiteElo "2209"]
[BlackElo "2126"]
[PlyCount "83"]

1. e4 c5 2. Nf3 d6 3. Bc4 Nf6 4. d3 Nc6 5. c3 g6 6. O-O Bg7 7. Bb3 O-O 8. Nbd2
b6 9. Re1 Ba6 10. Nf1 Ne5 11. Bc2 Rc8 12. Ne3 Qd7 13. d4 cxd4 14. Nxd4 Bb7 15.
Ba4 Qd8 16. f3 a6 17. Qe2 Qc7 18. Bb3 e6 19. Bd2 Rfe8 20. c4 Nh5 21. Bc3 Nf4
22. Qf1 Qc5 23. Rad1 Nc6 24. Nxc6 Bxc3 25. bxc3 Bxc6 26. g3 Nh5 27. Qd3 Red8
28. Qd4 f5 29. Qxc5 bxc5 30. exf5 gxf5 31. Kf2 Kf7 32. Bc2 Rb8 33. Rb1 Nf6 34.
Rb3 h5 35. h4 Nd7 36. Reb1 Ra8 37. Ra3 Rg8 38. Ba4 Bxa4 39. Rxa4 Rgb8 40. Rxb8
Nxb8 41. Ra3 Nc6 42. Rb3 1/2-1/2

[Event "corr 6. EST email ch"]
[Site "EKMÜ"]
[Date "2004.01.15"]
[Round "?"]
[White "Siigur, Jüri"]
[Black "Üksti, Enn"]
[Result "1-0"]
[WhiteElo "2441"]
[BlackElo "2289"]
[PlyCount "105"]

1. e4 e6 2. d4 d5 3. Nd2 Nf6 4. e5 Nfd7 5. c3 c5 6. Bd3 Nc6 7. Ne2 Qb6 8. Nf3
cxd4 9. cxd4 f6 10. exf6 Nxf6 11. O-O Bd6 12. b3 O-O 13. Bb2 Bd7 14. Rc1 Ng4
15. h3 Rxf3 16. hxg4 Rff8 17. g5 g6 18. Qd2 Rf7 19. Bc3 Raf8 20. a4 a6 21. a5
Qa7 22. Bc2 b5 23. b4 Qb8 24. f3 Bh2+ 25. Kf2 Ne7 26. Rh1 Nf5 27. Bxf5 Rxf5 28.
Qe3 Bd6 29. Bd2 Re8 30. Qb3 Qb7 31. Rh4 e5 32. dxe5 Rfxe5 33. Nd4 Qa7 34. Kf1
Be7 35. Qc3 Bd8 36. Bf4 R5e7 37. Qd2 Qa8 38. Nb3 Rf7 39. Nc5 Bc8 40. Qd4 Be7
41. Re1 Bf5 42. Bd2 h5 43. Bc3 Kh7 44. Re5 Qc8 45. Qxd5 Ref8 46. Qd2 Qc6 47.
Rd5 Re8 48. Kg1 Qc7 49. Be5 Bxc5+ 50. Rxc5 Qa7 51. Rd4 Rfe7 52. Bf6 Rc7 53.
Rxf5 1-0

[Event "corr 6. EST email ch"]
[Site "EKMÜ"]
[Date "2004.01.15"]
[Round "?"]
[White "Post, Toomas"]
[Black "Saul, Andres"]
[Result "1-0"]
[WhiteElo "2343"]
[BlackElo "2052"]
[PlyCount "67"]

1. e4 d6 2. d4 Nf6 3. Nc3 g6 4. Be3 c6 5. f3 Nbd7 6. Qd2 Bg7 7. Nh3 O-O 8. Nf2
d5 9. Be2 dxe4 10. fxe4 Nb6 11. a4 a5 12. Rd1 Be6 13. b3 Ne8 14. O-O Nd6 15.
Bf3 f5 16. e5 Nf7 17. Nd3 Bc8 18. Qf2 e6 19. Ne2 Nd5 20. Bd2 Ng5 21. Qg3 Nxf3+
22. Qxf3 Qe8 23. c4 Nc7 24. Qg3 b6 25. Qh4 Rf7 26. Rf3 Bf8 27. Bg5 h6 28. Rh3
Rh7 29. Bf6 Qf7 30. Qg3 g5 31. Nef4 Ne8 32. Nh5 Qd7 33. Bxg5 hxg5 34. Qxg5+ 1-0

[Event "corr 6. EST email ch"]
[Site "EKMÜ"]
[Date "2004.01.15"]
[Round "?"]
[White "Gornoi, Meelik"]
[Black "Dmitrijev, Vladimir"]
[Result "1-0"]
[WhiteElo "2202"]
[BlackElo "2089"]
[PlyCount "85"]

1. e4 e5 2. Nf3 Nf6 3. Nxe5 d6 4. Nf3 Nxe4 5. d4 d5 6. Bd3 Be7 7. O-O Nc6 8. c4
Nf6 9. Nc3 O-O 10. h3 dxc4 11. Bxc4 Na5 12. Bd3 Be6 13. Re1 Nc6 14. a3 a6 15.
Bc2 Qd7 16. Ne5 Nxe5 17. dxe5 Qxd1 18. Rxd1 Nd7 19. f4 Rad8 20. f5 Bc4 21. b3
Bb5 22. Nxb5 axb5 23. Bb2 Rfe8 24. Kf1 Bg5 25. Re1 Nb6 26. Rad1 Nd5 27. Kf2 b4
28. axb4 Nxb4 29. Be4 c6 30. Kf3 g6 31. g4 Nd5 32. Bxd5 cxd5 33. Rd3 Bf6 34.
Re2 Bg5 35. Rc2 Rd7 36. f6 h6 37. Bd4 b5 38. Rdc3 Rdd8 39. Rc7 Bh4 40. R2c6 Ra8
41. e6 Rf8 42. e7 Rfe8 43. Rd7 1-0

[Event "corr 6. EST email ch"]
[Site "EKMÜ"]
[Date "2004.01.15"]
[Round "?"]
[White "Külaots, Aare"]
[Black "Siigur, Jüri"]
[Result "1/2-1/2"]
[WhiteElo "2126"]
[BlackElo "2441"]
[PlyCount "96"]

1. e4 c5 2. Nf3 d6 3. d4 cxd4 4. Nxd4 Nf6 5. Nc3 a6 6. Be2 e5 7. Nb3 Be7 8. Be3
O-O 9. Qd2 Be6 10. O-O-O Nbd7 11. f3 b5 12. g4 b4 13. Nd5 Bxd5 14. exd5 Nb6 15.
Na5 Nbxd5 16. Nc6 Qc7 17. Nxe7+ Qxe7 18. g5 Nxe3 19. gxf6 Qa7 20. Rde1 Rfc8 21.
Bd3 Nd5 22. Be4 Nxf6 23. Bxa8 Qxa8 24. Qxd6 Qxf3 25. Qxe5 Qc6 26. Qe2 a5 27.
Rhg1 g6 28. Rg3 Kg7 29. Kb1 Qc4 30. Rg5 Qc7 31. h3 Rd8 32. Re5 a4 33. Re7 Qd6
34. Re3 Qc6 35. Rd3 Rxd3 36. Qxd3 g5 37. Qd4 Qb7 38. Rf1 Qa6 39. Rd1 Qe2 40.
Qd3 Qe7 41. Qf5 h6 42. Qd3 Ne4 43. Kc1 Kg6 44. Qb5 a3 45. Rd4 Nc5 46. Qxb4 Qe3+
47. Qd2 Qg1+ 48. Qd1 Qe3+ 1/2-1/2

[Event "corr 6. EST email ch"]
[Site "EKMÜ"]
[Date "2004.01.15"]
[Round "?"]
[White "Raidaru, Mihkel"]
[Black "Kolk, Marek"]
[Result "1/2-1/2"]
[WhiteElo "2310"]
[BlackElo "2221"]
[PlyCount "82"]

1. e4 c5 2. Nf3 Nc6 3. d4 cxd4 4. Nxd4 Nf6 5. Nc3 d6 6. Be2 g6 7. Be3 Bg7 8.
O-O O-O 9. Nb3 Be6 10. Nd4 Bd7 11. Nxc6 bxc6 12. h3 Qc7 13. Bc4 Rab8 14. Rb1
Rfd8 15. Qe2 Be8 16. Rfd1 Nd7 17. Bd4 e6 18. Bxg7 Kxg7 19. Qe3 d5 20. Bf1 a5
21. b3 Qb6 22. Qg3 f6 23. Na4 Qa7 24. Rd2 Bf7 25. Rbd1 e5 26. c3 Be6 27. Be2 f5
28. exd5 cxd5 29. Bf3 e4 30. Be2 Nf6 31. Rd4 Re8 32. c4 dxc4 33. Bxc4 Bxc4 34.
bxc4 Qe7 35. c5 Rb4 36. Qc3 Rxd4 37. Qxd4 Rc8 38. Qc3 f4 39. Qxa5 e3 40. Qc3
Qe8 41. Rd6 e2 1/2-1/2

[Event "corr 6. EST email ch"]
[Site "EKMÜ"]
[Date "2004.01.15"]
[Round "?"]
[White "Lindsalu, Indrek"]
[Black "Kolk, Marek"]
[Result "0-1"]
[WhiteElo "2063"]
[BlackElo "2221"]
[PlyCount "130"]

1. d4 Nf6 2. c4 g6 3. Nc3 d5 4. Nf3 Bg7 5. Bf4 O-O 6. e3 c5 7. dxc5 Qa5 8. Rc1
dxc4 9. Bxc4 Qxc5 10. Nb5 Be6 11. Nc7 Bxc4 12. b3 Qa5+ 13. Qd2 Qxd2+ 14. Nxd2
Bd3 15. Nxa8 Nd5 16. Nc7 Rc8 17. Nf3 Nxf4 18. exf4 Bb2 19. Rc5 Ba3 20. Rd5 Be4
21. O-O Nc6 22. Rd7 Bf5 23. Nb5 Bxd7 24. Nxa3 Nb4 25. Ra1 Nxa2 26. Nc4 b5 27.
Nce5 Rc7 28. h4 Nb4 29. Rd1 Bc8 30. Nd4 a6 31. Nd3 Nxd3 32. Rxd3 Bb7 33. f3 e6
34. Kf2 Kf8 35. Rd2 Ke7 36. Ke3 Rc3+ 37. Rd3 Rc1 38. b4 Rc4 39. Rb3 Bd5 40. Ra3
Rxb4 41. Rxa6 Rb2 42. g4 b4 43. g5 b3 44. Rb6 Rh2 45. Nc6+ Bxc6 46. Rxc6 b2 47.
Rb6 Kd7 48. Ke4 Kc7 49. Rb4 Kd6 50. Rb8 Kc5 51. Kd3 Rxh4 52. Rxb2 Rxf4 53. Ke3
Rf5 54. f4 e5 55. fxe5 Rxg5 56. Kf4 Rf5+ 57. Ke4 h5 58. Rc2+ Kb6 59. Rg2 Rf1
60. Kd3 Rd1+ 61. Ke4 Kc6 62. Rf2 Rg1 63. Rxf7 Rg4+ 64. Kf3 Kd5 65. Re7 Rg5 0-1

[Event "corr 6. EST email ch"]
[Site "EKMÜ"]
[Date "2004.01.15"]
[Round "?"]
[White "Kolk, Marek"]
[Black "Paltser, Peeter"]
[Result "0-1"]
[WhiteElo "2221"]
[BlackElo "2057"]
[PlyCount "82"]

1. c4 c5 2. Nf3 Nf6 3. Nc3 d5 4. cxd5 Nxd5 5. g3 Nc6 6. Bg2 g6 7. O-O Bg7 8.
Ng5 e6 9. Nge4 Qe7 10. d3 O-O 11. Nxd5 exd5 12. Nc3 Bxc3 13. bxc3 Bg4 14. f3
Be6 15. e3 d4 16. cxd4 cxd4 17. e4 Rac8 18. f4 Bd7 19. Rb1 b6 20. Qa4 Rfd8 21.
Ba3 Qe6 22. Rf2 Rc7 23. Qd1 Ne7 24. f5 gxf5 25. exf5 Nxf5 26. Qg4+ Qg6 27. Qf4
Rc3 28. Bb2 Rc5 29. Ba3 Rc3 30. Bb4 Rxd3 31. Be4 Re3 32. Bxf5 Bxf5 33. Qxf5
Rde8 34. Qd5 Qxb1+ 35. Rf1 Qg6 36. Qxd4 R3e4 37. Qd7 Qe6 38. Qd2 Re2 39. Qg5+
Qg6 40. Qd5 h6 41. Bc3 Qe6 0-1

[Event "corr 6. EST email ch"]
[Site "EKMÜ"]
[Date "2004.01.15"]
[Round "?"]
[White "Saul, Andres"]
[Black "Gornoi, Meelik"]
[Result "1/2-1/2"]
[WhiteElo "2052"]
[BlackElo "2202"]
[PlyCount "71"]

1. d4 Nf6 2. c4 g6 3. Nc3 Bg7 4. e4 d6 5. f3 O-O 6. Be3 e5 7. d5 c6 8. Qd2 cxd5
9. cxd5 a6 10. O-O-O Nbd7 11. Kb1 b5 12. Rc1 Nc5 13. g4 Rb8 14. h4 h5 15. g5 b4
16. Nd1 Nfd7 17. b3 a5 18. Nb2 a4 19. Nxa4 Nxa4 20. bxa4 Qa5 21. Bb5 Nc5 22.
Bxc5 dxc5 23. Ne2 Ba6 24. Bxa6 Qxa6 25. Rxc5 Qxa4 26. Nc1 b3 27. axb3 Rxb3+ 28.
Nxb3 Qxb3+ 29. Qb2 Qxf3 30. Re1 Qg3 31. Rcc1 Qxh4 32. Qg2 Rb8+ 33. Ka1 Bf8 34.
Rf1 Rb4 35. Rce1 Bc5 36. Rh1 1/2-1/2

[Event "corr 6. EST email ch"]
[Site "EKMÜ"]
[Date "2004.01.15"]
[Round "?"]
[White "Siigur, Jüri"]
[Black "Raidaru, Mihkel"]
[Result "1/2-1/2"]
[WhiteElo "2441"]
[BlackElo "2310"]
[PlyCount "82"]

1. e4 e5 2. Nf3 Nc6 3. Bc4 Bc5 4. c3 Nf6 5. b4 Bb6 6. d3 d6 7. Nbd2 Ne7 8. O-O
c6 9. a4 O-O 10. a5 Bc7 11. Re1 Ng6 12. Bb3 Nh5 13. Nf1 Nhf4 14. Ng3 Be6 15.
Bc2 f6 16. d4 Kh8 17. Bxf4 Nxf4 18. Ne2 Nxe2+ 19. Qxe2 Qe8 20. Qd3 Bd7 21. c4
a6 22. d5 cxd5 23. exd5 f5 24. Qe3 Bd8 25. Nd2 Qh5 26. Rad1 Qh4 27. Qa3 e4 28.
c5 Bb5 29. Nb3 Bc7 30. h3 Qf4 31. Qc1 Qxc1 32. Rxc1 Bc4 33. Rcd1 Rac8 34. Re3
Rfd8 35. Rc3 Bxb3 36. Bxb3 dxc5 37. Rdc1 Bf4 38. R1c2 Be5 39. Rxc5 Rb8 40. Kf1
g6 41. Ke2 Kg7 1/2-1/2

[Event "corr 6. EST email ch"]
[Site "EKMÜ"]
[Date "2004.01.15"]
[Round "?"]
[White "Saul, Andres"]
[Black "Dmitrijev, Vladimir"]
[Result "1/2-1/2"]
[WhiteElo "2052"]
[BlackElo "2089"]
[PlyCount "63"]
[EventDate "2004.??.??"]

1. e4 e5 2. Nf3 Nc6 3. Bb5 a6 4. Ba4 Nf6 5. O-O Be7 6. Re1 b5 7. Bb3 d6 8. c3
O-O 9. h3 Na5 10. Bc2 c5 11. d4 Bb7 12. Nbd2 Qc7 13. d5 Bc8 14. b3 Bd7 15. Nf1
Nb7 16. Ng3 g6 17. a3 a5 18. Bh6 Rfc8 19. Nd2 b4 20. c4 bxa3 21. Rxa3 Bf8 22.
Bg5 Bg7 23. Qf3 Ne8 24. Ndf1 Ra6 25. Ne2 h6 26. Bd2 Qd8 27. Rea1 Rca8 28. Ne3
Nf6 29. Nc3 Rb8 30. Ned1 Nh5 31. Ne2 Rba8 32. R1a2 1/2-1/2